000 00834cam a22002651 4500
001 sa 67002553
003 DLC
005 20260227112331.0
008 800315s1965 ii f000 0 eng
010 _asa 67002553
025 _aPL480:I-E-6748
035 _a(OCoLC)6084916
040 _aDLC
_cNBuU
_dDLC
042 _apremarc
050 0 0 _aHF239
_b.A65 1965
110 1 _aIndia (Republic).
_bDepartment of Commercial Intelligence and Statistics.
245 1 2 _aA guide to official statistics of trade, shipping and customs and excise revenue of India.
250 _aRev. ed.
260 _aCalcutta,
_c1965.
300 _a150 p.
_c24 cm.
500 _a"Prepared by Shri V. Bhanu Koti, Deputy Director General."
651 0 _aIndia
_xCommerce.
650 0 _aShipping
_zIndia
_vStatistics.
700 2 _aBhanu Koti, V.,
_d1922-
999 _c73296
_d73296